000 00938cad a22002055a 4500
001 E154636
008 120109e20111224xxk 000 0 eng u
035 _a(Sirsi) u154636
041 0 _aeng
110 2 _aBank of Scotland
_95792
245 0 0 _aShetland Isles have best quality of life
_h[electronic resource]
260 _c2011
490 _aBank of Scotland Press Release
_v24 December 2011
520 _aThe latest yearly Bank of Scotland Quality of Life Survey for 2011 suggests that people living in the Shetland Isles have the best quality of life in Scotland, based on health, life expectancy, employment and school performance.
590 _aKA
651 4 _aScotland
_y1999-
690 _aPROPERTY-RESIDENTIAL PROPERTY-RESIDENTIAL PROPERTY MARKET
856 4 0 _uhttps://www.lloydsbankinggroup.com/media/pdfs/bos/2011/241211quality_of_life.pdf
_zView the news release free of charge at www.lloydsbankinggroup.com
942 _n0
999 _c83690
_d83690